000 00735nam a2200205Ia 4500
003 Ost
005 20260507075049.0
008 260507s9999||||xx |||||||||||||| ||und||
020 _a9771992260
040 _cfsecg
041 _aara
100 _aأحمد، آدم مهدي
_eمؤلف
245 0 _aالوجيز في الاقتصاد الجزئي والاقتصاد الكلي /
_c آدم مهدي أحمد
260 _aالقاهرة:
_bالشركة العالمية,
_c[دون تاريخ]
300 _a112 صفحة؛
_bإيضاحات ؛
_c24 سم
520 _aالاقتصاد الجزئي-الاقتصاد الكلي
653 _aالاقتصاد الجزئي
653 _aالاقتصاد الكلي
942 _cكتاب
999 _c42618
_d42618